000 00989cam a2200325Mi 4500
001 50422
005 20230410130706.0
008 071119s2007 sp a 000 0 spa d
035 _a(OCoLC)ocn181826711
040 _aC3L
_cC3L
020 _a9788461126477
020 _a8461126475
029 0 _aC3L
_b07950028
035 _a(OCoLC)181826711
043 _ae-po---
_ae-sp---
045 _ax4x-
050 1 4 _aPN 4705
_bL697 2007
082 0 0 _a076
049 _aGRAL
245 0 0 _aLibro blanco de la prensa diaria 2007 /
_cAEDE; [autores Juan Manuel de Toro Martín et al.].
260 _aMadrid :
_bAEDE,
_c[2007]
300 _a412 p. (some fold.) :
_bcol. ill. ;
_c24 cm.
650 0 _aPress
_zSpain
_vPeriodicals.
650 0 _aPress
_zSpain
_vStatistics
_vPeriodicals.
710 2 _aAsociación de Editores de Diarios Españoles.
700 1 _aToro Martín, Juan Manuel de.
938 _aCasalini Libri
_bCASA
_n07950028
_c52.00 EUR
942 _2lcc
_cbk
994 _aC0
_bDRFGD
999 _c78629
_d78629